000 00545nam a2200169Ia 4500
008 240729s9999 xx 000 0 und d
022 _a1823-6243
245 0 _aInternational Journal of Asia-Pacific Studies
260 _aMalaysia
260 _bPenerbit Universiti Sains Malaysia
650 _a History of scholarship and learning. The humanities | Social Sciences
650 _a Social sciences (General)
650 _aGeneral Works
856 _uhttps://doaj.org/toc/cb669deccde14b82a3843497538ac213
942 _2ddc
942 _cDOAJEJ
999 _c73517
_d73517
945 _a1
_bMadushi Gamage
_c1
_dMadushi Gamage